Larousse du XXè siècle. Tome 2 Carm-D (Avec supplément)
Gardado en:
| Autor Principal: | |
|---|---|
| Formato: | Libro |
| Idioma: | Undetermined |
| Publicado: |
Paris
Larousse
1929
|
| Những chủ đề: | |
| Các nhãn: |
Engadir etiqueta
Sen Etiquetas, Sexa o primeiro en etiquetar este rexistro!
|
| Thư viện lưu trữ: | Trung tâm Học liệu Trường Đại học Cần Thơ |
|---|
| LEADER | 00506nam a2200181Ia 4500 | ||
|---|---|---|---|
| 001 | CTU_25606 | ||
| 008 | 210402s9999 xx 000 0 und d | ||
| 082 | |a 034 | ||
| 082 | |b A919/T2 | ||
| 100 | |a Paul Augé | ||
| 245 | 0 | |a Larousse du XXè siècle. Tome 2 Carm-D (Avec supplément) | |
| 245 | 0 | |c Paul Augé | |
| 260 | |a Paris | ||
| 260 | |b Larousse | ||
| 260 | |c 1929 | ||
| 650 | |a encyclopedias and dictionaries | ||
| 904 | |i Minh, 980929 | ||
| 980 | |a Trung tâm Học liệu Trường Đại học Cần Thơ | ||